[Event "FRA-ch"]
[Site "Val d'Isere"]
[Date "2002.08.29"]
[Round "10"]
[White "Bacrot, Etienne"]
[Black "Lautier, Joel"]
[Result "1/2-1/2"]
[WhiteElo "2653"]
[BlackElo "2663"]
[Annotator "Hecht,H"]
[PlyCount "95"]
[EventDate "2002.08.19"]
[EventType "tourn"]
[EventRounds "11"]
[EventCountry "FRA"]
[EventCategory "13"]
[SourceTitle "CBM 091"]
[Source "ChessBase"]
[SourceDate "2002.11.12"]
[SourceVersion "1"]
[SourceVersionDate "2002.11.12"]
[SourceQuality "1"]

1. d4 Nf6 2. c4 e6 3. Nc3 Bb4 4. Nf3 c5 5. g3 Ne4 6. Qd3 Qa5 7. Qxe4 Bxc3+ 8.
Bd2 Bxd2+ 9. Nxd2 d6 10. Bg2 O-O 11. dxc5 dxc5 12. Qe3 Rd8 13. a3 Nc6 14. Rd1
Nd4 15. O-O Bd7 16. Nb3 Nxb3 17. Qxb3 Bc6 18. Bxc6 bxc6 19. Rxd8+ Rxd8 20. Rd1
h6 21. Kg2 Qc7 22. Rxd8+ Qxd8 23. Qb7 Qb6 24. Qxb6 axb6 {[#] 7-7 Bauern mit
etwas besserer weißer Bauernstruktur - Reservetempi am Damenflügel} 25. e4 e5
26. f4 exf4 27. gxf4 Kf8 28. Kf3 g6 29. e5 Ke7 30. Ke4 f5+ 31. exf6+ Kxf6 32.
a4 Ke6 33. Kd3 g5 34. fxg5 hxg5 35. Kc3 Ke5 36. b4 cxb4+ 37. Kxb4 Kd6 38. h3 (
38. c5+ bxc5+ 39. Kc4 g4 40. a5 Kc7 41. Kxc5 Kb7 42. Kd6 Ka6 43. Kxc6 Kxa5 44.
Kd5 Kb6 45. Ke5 Kc7 46. Kf5 Kd7 47. Kxg4 Ke8 $11 {locker}) 38... Kc7 39. c5 Kb7
40. cxb6 Kxb6 41. a5+ Ka6 42. Kc5 Kxa5 43. Kxc6 Ka6 44. Kd5 Kb6 45. Ke5 Kc6 46.
Kf5 Kd6 47. Kf6 Kd7 48. Kxg5 1/2-1/2

[Event "RUS-chT 09th Group1"]
[Site "Ekaterinburg"]
[Date "2002.05.19"]
[Round "3"]
[White "Moiseenko, Alexander"]
[Black "Bologan, Viktor"]
[Result "1/2-1/2"]
[WhiteElo "2575"]
[BlackElo "2652"]
[Annotator "Hecht,H"]
[PlyCount "149"]
[EventDate "2002.05.17"]
[EventType "team-tourn"]
[EventRounds "7"]
[EventCountry "RUS"]
[SourceTitle "CBM 090"]
[Source "ChessBase"]
[SourceDate "2002.09.20"]
[SourceVersion "1"]
[SourceVersionDate "2002.09.20"]
[SourceQuality "1"]
[WhiteTeam "Novokuznetsk"]
[BlackTeam "Tyumen Gazovik"]
[WhiteTeamCountry "RUS"]
[BlackTeamCountry "RUS"]

1. d4 Nf6 2. c4 e6 3. Nc3 Bb4 4. g3 O-O 5. Bg2 d5 6. Nf3 dxc4 7. O-O Nc6 8. Bg5
h6 9. Bxf6 Qxf6 10. Rc1 Rd8 11. e3 Qe7 12. Qe2 Na5 13. Ne5 Bd7 14. Nxc4 Bxc3
15. Rxc3 Bb5 16. b3 c5 17. Qh5 Bxc4 18. bxc4 cxd4 19. exd4 Qb4 20. Rf3 Rd7 21.
d5 exd5 22. cxd5 Rad8 23. Rf4 Qc5 24. Re1 Nc4 25. Qh4 b5 26. Rg4 Kf8 27. Rd4
Re7 28. Rdd1 Rde8 29. Rxe7 Rxe7 30. Qf4 Qd6 31. Qd4 Qb4 32. Bf1 Re1 33. Rxe1
Qxe1 34. Qc5+ Kg8 35. Qxb5 Nd2 36. Qe2 Qc1 37. Kg2 Kf8 38. d6 Qxf1+ 39. Qxf1
Nxf1 40. Kxf1 Ke8 41. Ke2 Kd7 42. Kd3 Kxd6 43. Kc4 {[#] Weißer Raumvorteil bei
gleicher Bauernverteilung} Kc6 44. g4 g5 45. Kd4 Kb5 46. Ke4 a5 47. f4 f6 (
47... Kb4 48. f5 Ka3 49. Ke5 Kxa2 50. Kf6 a4 51. Kxf7 a3 52. Kg6 Kb3 53. f6 a2
54. f7 a1=Q 55. f8=Q {und Weiß kann noch spielen}) 48. fxg5 (48. f5 $2 Kc4 $1
49. Ke3 a4 50. Ke4 a3 51. Ke3 Kc3 52. Ke4 Kb2 53. Kd3 Kxa2 54. Kc2 $11) 48...
fxg5 49. Kf5 Ka4 50. Kg6 Ka3 51. Kxh6 Kxa2 52. Kxg5 a4 53. Kh6 a3 54. g5 Kb2
55. g6 a2 56. g7 a1=Q 57. g8=Q {Remis laut TABLEBASE, was die Partie bestätigt.
} Qc1+ 58. Qg5 Qc6+ 59. Qg6 Qc1+ 60. Kh7 Qf4 61. Qg2+ Ka1 62. h3 Qf5+ 63. Kh6
Qe6+ 64. Kh5 Qf5+ 65. Kh4 Qh7+ 66. Kg3 Qc7+ 67. Kf2 Qc5+ 68. Kg3 Qc7+ 69. Kg4
Qg7+ 70. Kf3 Qb7+ 71. Kf2 Qb6+ 72. Kf1 Qb1+ 73. Ke2 Qc2+ 74. Kf3 Qc6+ 75. Kg3
1/2-1/2

[Event "EU-ch 2nd"]
[Site "Ohrid"]
[Date "2001.06.03"]
[Round "3"]
[White "Miladinovic, Igor"]
[Black "Graf, Alexander"]
[Result "0-1"]
[WhiteElo "2519"]
[BlackElo "2649"]
[Annotator "Hecht,H"]
[PlyCount "258"]
[EventDate "2001.06.01"]
[EventType "swiss"]
[EventRounds "13"]
[EventCountry "YUG"]
[SourceTitle "CBM 084"]
[Source "ChessBase"]
[SourceDate "2001.09.13"]
[SourceVersion "1"]
[SourceVersionDate "2001.09.13"]
[SourceQuality "1"]

1. d4 Nf6 2. c4 e6 3. Nc3 Bb4 4. g3 c5 5. Nf3 Nc6 6. Bg2 Ne4 7. Qd3 cxd4 8.
Nxd4 Nxc3 9. bxc3 Ne5 10. Qc2 Be7 11. Qb3 O-O 12. Bf4 Qc7 13. Nf3 Bd6 14. Nxe5
Bxe5 15. Bxe5 Qxe5 16. Rd1 Rb8 17. Qa3 b5 18. cxb5 Rxb5 19. O-O Ra5 20. Qb2 Rc5
21. Rd4 Qc7 22. Rc1 Ba6 23. e4 h6 24. Qd2 Bb5 25. e5 Rxe5 26. a4 Bc6 27. Bxc6
dxc6 28. Rd7 Qa5 29. Qd4 a6 30. Qf4 Rc5 31. Rb1 Rf5 32. Qd6 Rc8 33. Rb4 Qd5 34.
Rb8 Qxd6 35. Rxc8+ Qf8 36. Rxf8+ Kxf8 37. Kf1 g5 38. h3 h5 39. Ke2 Re5+ 40. Kf1
Kg7 41. Rb7 a5 42. Rb6 Rc5 43. Ra6 h4 44. gxh4 gxh4 45. c4 Kf6 46. Ke2 Ke5 47.
Kd3 Kf4 48. Kd4 Re5 49. Rxc6 Re2 50. Ra6 Rd2+ 51. Kc3 Rxf2 52. Rxa5 Rf3+ 53.
Kb4 Rxh3 54. Rh5 Rh1 55. a5 h3 56. a6 f5 57. c5 h2 58. c6 Kg4 59. Rh8 Rb1+ 60.
Kc5 h1=Q 61. Rxh1 Rxh1 62. a7 Rh8 63. Kb6 f4 64. Kb7 f3 65. a8=Q Rxa8 66. Kxa8
f2 67. c7 f1=Q 68. c8=Q Qa1+ (68... Qf5 $142) 69. Kb7 Qb2+ 70. Ka6 Qa3+ 71. Kb7
Qb3+ 72. Ka6 Kf5 73. Ka7 Kf4 74. Qf8+ Ke4 75. Qg8 Kd4 (75... Qe3+ $142 76. Ka8
e5) 76. Qg4+ Ke5 77. Qg1 Kd6 78. Qd4+ Kc6 79. Qe4+ Qd5 80. Qa4+ Kd6 81. Kb8 e5
82. Qb4+ Qc5 83. Qh4 Qb6+ 84. Ka8 Qc6+ 85. Ka7 Qc5+ 86. Ka6 Qd4 87. Qf6+ Kc5
88. Qb6+ Kc4 89. Qb5+ Kc3 90. Qa5+ Kd3 91. Qa3+ Qc3 92. Qd6+ Kc2 93. Qe7 Qc4+
94. Ka7 e4 95. Qh7 Qd4+ 96. Kb8 Kc3 97. Qc7+ Kb3 98. Qf7+ Kc2 99. Qf5 Kc3 100.
Qc8+ Kd2 101. Qg4 Qd6+ 102. Ka8 e3 103. Qg5 Kd3 (103... Qd4 $142) 104. Qb5+ Kd4
105. Qb6+ Qc5 106. Qb2+ Ke4 107. Qb1+ Kf4 108. Qf1+ Ke5 109. Qe2 Qd5+ 110. Ka7
Kf4 $2 {Jetzt ist der Bauer nicht von der Dame gedeckt und der König klebt an
der Dame!} (110... Qb3 $1 111. Qh2+ Ke4 112. Qg2+ Kd3 113. Qg6+ Kd2 114. Qg5
Qc4 115. Ka8 Qd4 116. Kb7 Kc3 117. Qg3 Qd3 $19) 111. Qh2+ $11 {[#] Dauerschach!
} Kg4 112. Qg1+ Kf4 113. Qh2+ Ke4 114. Qg2+ $2 (114. Qh1+ $1 Kd4 115. Qa1+ Kd3
116. Qd1+ Ke4 117. Qh1+ Ke5 118. Qh8+ Kf5 119. Qh5+ $11) 114... Kd4 {[%csl Gd2]
} 115. Qb2+ Kd3 116. Qb1+ Ke2 117. Qc2+ Kf3 118. Qc3 Kf2 (118... Qd6 $142) 119.
Qf6+ Qf3 120. Qd4 Qf5 121. Qh4+ Kf3 122. Qh1+ Ke2 123. Qh2+ Qf2 (123... Kd1
$142 124. Qh1+ Kd2 125. Qh6 Qe5 126. Ka6 Qd4 127. Kb7 Qe4+ 128. Kc8 Kc3 {#22})
124. Qh5+ Qf3 125. Qh2+ (125. Qe5 $142) 125... Kf1 126. Qc2 e2 127. Qc4 Kg2
128. Qg8+ Qg3 129. Qd5+ Kg1 0-1

[Event "Kecskemet Szechenyi"]
[Site "Kecskemet"]
[Date "1991.??.??"]
[Round "2"]
[White "Van Wely, Loek"]
[Black "Steingrimsson, Hedinn"]
[Result "1-0"]
[WhiteElo "2475"]
[BlackElo "2505"]
[Annotator "Kortschnoj,V"]
[PlyCount "59"]
[EventDate "1991.07.??"]
[EventType "tourn"]
[EventRounds "9"]
[EventCountry "HUN"]
[EventCategory "8"]
[SourceTitle "CBM 026"]
[Source "ChessBase"]
[SourceDate "1992.02.01"]
[SourceVersion "1"]
[SourceVersionDate "1992.02.01"]
[SourceQuality "1"]

1. d4 Nf6 2. c4 e6 3. Nc3 Bb4 4. g3 c5 5. Nf3 b6 6. Bg2 Bb7 7. O-O cxd4 8. Qxd4
Nc6 9. Qd3 $5 Rc8 10. Bf4 Na5 11. Rac1 $1 {11.Sb5 a6 12.Sd6 Ld6 13.Ld6 Sc4=+,
12.Ld6 ab 13.Lb4 Tc4=+,13...bc=+} Rxc4 $2 {11...a6+=,11...0-0!? +=} 12. Nb5 d5
13. a3 $1 $16 Be7 14. Nc7+ Kf8 15. Ne5 Rxc1 16. Rxc1 Nd7 {16...Ld6!? 17.b4 Le5
18.Le5 Sc6 was better.} 17. b4 Nxe5 18. Bxe5 Nc6 {Or 18...Sc4 19.Tc4 dc 20.Dd8
Ld8 21.Lb7 Lc7 22.Lc7 c3 23.Le4 with big advan tage to white} 19. Rxc6 $1 $18
Bxc6 20. Qc3 Bf6 21. Bxf6 Qxf6 22. Qxc6 Qa1+ 23. Bf1 g5 24. Qa8+ Kg7 25. Qxa7
Kg6 26. Qxb6 Qxa3 27. Nxd5 Ra8 28. Ne7+ Kg7 29. Qd4+ Kf8 30. Nc6 1-0

[Event "FIDE-Wch k.o."]
[Site "New Delhi/Teheran"]
[Date "2000.11.29"]
[Round "1.3"]
[White "Volkov, Sergey"]
[Black "Sakaev, Konstantin"]
[Result "0-1"]
[WhiteElo "2554"]
[BlackElo "2627"]
[Annotator "Kostakiev,D"]
[PlyCount "86"]
[EventDate "2000.11.27"]
[EventType "k.o."]
[EventRounds "7"]
[EventCountry "IND"]
[SourceTitle "CBM 081"]
[Source "ChessBase"]
[SourceDate "2001.03.20"]
[SourceVersion "1"]
[SourceVersionDate "2001.03.20"]
[SourceQuality "1"]

1. d4 Nf6 2. c4 e6 3. Nc3 Bb4 4. f3 $5 {This is one of the contributions of
Bogoljubow in the early 30-s. After him a lot of very strong maestros used it.
The real boom started around 1992 and continues up to our days. The statics is
more than favorable for White. Here we shal see one efficient way to meet this
line.} c5 (4... Qe7 5. e4 d5 6. e5 {1-0 Bogoljubow,E-Weissgerber,G/Swinemuende
1931/EXT 2000 (42)}) 5. d5 b5 6. e4 O-O 7. Bg5 (7. Nh3 bxc4 8. Bxc4 Bxc3+ 9.
bxc3 Qa5 10. Qc2 {1-0 Moskalenko,V-Morozevich,A/Moscow 1994/EXT 97 (17)}) (7.
a3 Bxc3+ 8. bxc3 {0-1 Varga,P-Lorincz,I/HUN-chT 9394 1994/TD (38)}) (7. e5 exd5
8. exf6 {1-0 Legky,N-Levacic,D/Cannes 1993/EXT 2000 (26)}) 7... h6 8. Bh4 Re8
$146 (8... d6 9. a3 Ba5 {1/2-1/2 Dorendorf,H-Menacher,M/Augsburg 1995/EXT 2001
(44)}) 9. dxe6 Rxe6 10. Nge2 (10. Qb3 $5 Qa5 $140 11. Bxf6 bxc4 12. Bxc4 $14)
10... g5 (10... bxc4 $5 11. Nf4 Re8 $11) 11. Bf2 bxc4 12. a3 Ba5 13. h4 (13.
Qa4 Qb6 $15) 13... g4 14. Nf4 (14. Qd2 Qb6 15. Nf4 Rd6 16. Qc2 Nc6 17. Bxc4 Nd4
$15) (14. Bxc5 d5 $15) 14... Rb6 15. Qd2 Nc6 $1 (15... d5 $2 16. Nfxd5 $16) 16.
Bxc5 {[#]} Rab8 $3 (16... Rb5 17. b4 Rxc5 18. bxc5 Qe7 19. Nfe2 Ne5 20. Kd1
Qxc5 21. Qxh6 Nd3 22. Kc2 $14) 17. Bxb6 Qxb6 $44 18. O-O-O Nd4 $1 19. Bxc4 (19.
Kb1 $5) 19... Ba6 $1 20. b4 Bxb4 21. Qxd4 Bc5 22. Na4 Bxa3+ 23. Kc2 Qc6 {[#]}
24. Kd3 $2 (24. Nc3 $2 Rb2+ 25. Kc1 Bxc4 $19) (24. Rb1 Qxa4+ 25. Kd2 Bb4+ $15)
(24. Kd2 $1 Bxc4 25. Rb1 Bb3 26. Nd3 $11) 24... Rb4 $17 25. Bxa6 $2 (25. Rc1
Bxc1 26. Rxc1 $17) 25... Rxd4+ $19 26. Kxd4 Qxa6 27. Nc3 Bb2 28. e5 Qa4+ 29.
Ke3 Bxc3 30. exf6 g3 31. Nd5 Bb2 32. f4 a5 33. Kf3 Qb3+ 34. Kg4 a4 35. Rhe1 a3
36. Ne7+ Kh7 37. Nf5 a2 38. Nxg3 Qa4 39. Nf5 a1=Q 40. Rxa1 Bxa1 41. Re7 Kg6 42.
h5+ Kxf6 43. Re1 Qa5 0-1

[Event "World Cup"]
[Site "Khanty-Mansiysk"]
[Date "2009.11.21"]
[Round "1.1"]
[White "Ganguly, Surya Shekhar"]
[Black "Filippov, Anton"]
[Result "1-0"]
[WhiteElo "2654"]
[BlackElo "2607"]
[Annotator "Krasenkow,M"]
[PlyCount "77"]
[EventDate "2009.11.21"]
[EventType "k.o."]
[EventRounds "7"]
[EventCountry "RUS"]
[SourceTitle "CBM 134"]
[Source "ChessBase"]
[SourceDate "2010.01.18"]
[SourceVersion "1"]
[SourceVersionDate "2010.01.18"]
[SourceQuality "1"]

1. d4 Nf6 2. c4 e6 3. Nc3 Bb4 4. f3 d5 5. a3 Be7 6. e4 dxe4 7. fxe4 e5 8. d5
Bc5 9. Nf3 Bg4 {The most popular move in this position.} (9... Ng4 10. Na4 {
etc. - see S.Ernst - Van der Wiel in CBM 84.}) 10. h3 Bxf3 11. Qxf3 Nbd7 12.
Bg5 (12. Bd3 {is more common but} c6 $1 {gives Black a sufficient counterplay:}
(12... O-O $143 13. Ne2 $5 (13. Bg5 Bd4 $1 {[%csl Rb2][%cal Rd4c3]} 14. Bc2 c6
15. Rf1 $2 (15. O-O-O Rc8 16. Kb1 Qb6 $13 {An.Izmagambetov}) 15... Rc8 16. Rd1
Qb6 $15 {1-0 Volkov,S (2627)-Ismagambetov,A (2523)/Tashkent 105/305 2009/Inf
105/[Ismagambetov,An] (46)}) 13... c6 14. b4 Bd4 15. Nxd4 exd4 16. O-O cxd5 17.
exd5 b5 18. Bg5 bxc4 19. Bxc4 h6 20. Bxf6 Nxf6 21. Rad1 $14 {1/2 Leskiewicz,M 
(2220)-Ostrowski,L (2400)/Warsaw 1999/EXT 2003 (45)}) (12... a5 13. Bd2 O-O 14.
g4 (14. O-O-O Ne8 15. Kb1 Nd6 16. Rc1 Qe7 17. Rhe1 Rfb8 18. Na4 b5 19. cxb5
Nxb5 20. Bxb5 Rxb5 $13 {1-0 Volkov,S (2558)-Shaposhnikov,E (2514)/Tomsk 2001/
CBM 082 ext (39)}) 14... Bd4 15. O-O-O Nc5 16. Bc2 Ne8 17. Nb5 Nd6 18. Nxd4
exd4 19. Bf4 Nxc4 20. Rxd4 b5 21. e5 $16 {1/2 Bagirov,R (2471)-Maherramzade,J 
(2422)/Abu Dhabi 1999/EXT 2000 (44)}) 13. Bg5 (13. Bd2 a5 14. g4 O-O 15. g5 Ne8
16. h4 Bd4 17. Ne2 Bxb2 18. Rb1 Bxa3 19. Ng3 Bb4 {0-1 Boor,C (2233)
-Perelshteyn,E (2526)/Las Vegas 2006/CBM 112 ext}) (13. Rb1 O-O 14. Be3 cxd5
15. cxd5 Qb6 16. Na4 Qa5+ 17. Nc3 Bd4 $13 {1-0 Toth,E (2409)-Prohaszka,P (2509)
/Budapest 2008/CBM 125 Extra (32)}) 13... h6 14. Bd2 Bd4 $1 (14... Qe7 15. g4
a5 16. Ne2 Bd4 17. O-O-O c5 18. Ng3 g6 19. Rdf1 Ra6 20. Rh2 Qd6 21. Kb1 a4 22.
Bc1 Kd8 23. h4 $16 {1/2 Krizsany,L (2395)-Loginov,V (2610)/Harkany 1994/CBM
045 ext (41)}) 15. g4 (15. O-O-O Qb6 $1) 15... a5 16. Rf1 Nc5 17. Bc2 Qb6 $36 {
1-0 Toth,E (2392)-Prohaszka,P (2510)/Winterthur SUI 2009/The Week in Chess 779
(30)}) (12. g4 $5 {[%cal Rg4g5]} O-O 13. Bd2 (13. Bd3 Ne8 (13... Bd4 $5) 14.
Bd2 a5 15. O-O-O Nd6 16. Kb1 c6 17. Rdf1 Qb6 18. Qd1 Bd4 $36 {0-1 Sammour
Hasbun,J (2463)-Gareev,T (2570)/Pawtucket 2008/CBM 125 Extra (34)}) 13... c6
14. O-O-O a5 15. h4 Bd4 16. g5 Ne8 17. Ne2 c5 18. h5 Nd6 $13 {1-0 Palliser,R 
(2406)-Hunt,H (2463)/Hinckley Island ENG 2009/CBM 128 Extra (44)}) 12... Bd4 $6
$146 {This move is now met with a nice tactical response.} (12... a5 $5 13.
O-O-O O-O 14. g4 Be7 15. Be3 Ne8 16. h4 Bc5 17. g5 Nd6 18. Qg3 b6 19. Bd3 Bxe3+
20. Qxe3 Nc5 21. Rdf1 c6 22. Kb1 Rc8 23. Be2 cxd5 24. cxd5 Qd7 25. h5 Na4 $132
{1/2 Bluvshtein,M (2548)-Kovalyov,A (2548)/Montreal 2008/CBM 126 (49)}) 13. Ne2
$1 {[%mdl 64]} Bxb2 14. Ra2 $1 (14. Rb1 $143 Bd4 15. Nxd4 exd4 16. Rxb7 Nc5 {
[%cal Rc5b7,Rc5e4]} 17. Bxf6 gxf6 18. Rb5 Qd6 $13) 14... Bd4 15. Nxd4 exd4 16.
e5 $1 O-O $2 {This piece sacrifice is incorrect. Meanwhile Black could have
given it up in a much better version:} (16... Nxe5 $1 17. Re2 Qd6 18. c5 $1 (
18. Bf4 Nfd7 19. c5 Qxc5 $1 20. Bxe5 O-O $36 {[%csl Re1]}) 18... O-O-O $1 19.
cxd6 (19. Qf5+ Qd7 20. Rxe5 (20. Qxe5 $2 d3 $1 21. Re3 Nxd5) 20... Rde8 21.
Qxd7+ Nxd7 22. Rxe8+ Rxe8+ 23. Kd1 Nxc5 $13) 19... Nxf3+ 20. gxf3 Rxd6 21. Bxf6
Rxf6 22. Kf2 Rd8 23. Re5 $14) 17. exf6 Re8+ 18. Kf2 Ne5 19. Qf5 h6 20. Bc1 b5
21. fxg7 (21. Rd2 $142 $1 $18 {[%cal Yd2d4]}) 21... bxc4 22. Qf4 Qxd5 23. Qxh6
f6 (23... Ng6 24. h4 $1 $18 {[%cal Rh4h5]}) 24. Qh8+ $6 (24. Kg1 $1 $18 {
[%cal Ya2f2]}) 24... Kf7 25. Qh5+ (25. Qh7 Rg8) 25... Kxg7 26. Bh6+ Kg8 27. Kg1
d3 28. Rf2 Qf7 29. Qh4 Re6 {White has allowed Black to consolidate his
position a little bit but now he finds the right arrangement of pieces:} 30.
Bd2 $1 Rd8 31. Bc3 Rdd6 32. Qf4 Re8 33. h4 $1 Ng6 34. Qg4 Kh8 35. Rh3 Ne5 36.
Qf4 Qh5 37. Re3 Rg8 38. Rxe5 fxe5 39. Bxe5+ 1-0

[Event "Gashimov Memorial 3rd"]
[Site "Shamkir"]
[Date "2016.06.02"]
[Round "7"]
[White "Mamedyarov, Shakhriyar"]
[Black "Safarli, Eltaj"]
[Result "1-0"]
[WhiteElo "2748"]
[BlackElo "2664"]
[Annotator "Krasenkow,M"]
[PlyCount "87"]
[EventDate "2016.05.26"]
[EventType "tourn"]
[EventRounds "9"]
[EventCountry "AZE"]
[EventCategory "20"]
[SourceTitle "CBM 173"]
[Source "ChessBase"]
[SourceDate "2016.07.12"]
[SourceVersion "1"]
[SourceVersionDate "2016.07.12"]
[SourceQuality "1"]

1. d4 Nf6 2. c4 e6 3. Nc3 Bb4 4. g3 d5 5. Bg2 O-O 6. a3 Bxc3+ (6... Be7 {
is another line.}) 7. bxc3 c5 (7... dxc4 {is more principled. White has to
sacrifice this pawn or waste a lot of time to regain it. A recent example:} 8.
Nf3 Nbd7 9. O-O Rb8 10. Qc2 b5 11. a4 a6 12. axb5 axb5 13. Ba3 Re8 14. Ne5 Nxe5
15. dxe5 Nd5 16. Rfd1 Bd7 17. Bxd5 exd5 18. Rxd5 {1/2 (18) Berkes,F (2664)
-Papp,G (2594) Zalakaros 2015}) {The text move yields White a small but
comfortable edge due to his bishop pair.} 8. cxd5 (8. Nf3 Nc6 9. O-O {is less
logical. Black finally played} dxc4 {and equalised in the following game:} 10.
Qa4 cxd4 (10... Na5 $5 11. Ne5 Nd5) 11. cxd4 Bd7 12. Qxc4 Na5 13. Qd3 Bc6 14.
Bg5 h6 15. Bxf6 Qxf6 16. Rac1 Rac8 17. Ne5 Bxg2 18. Kxg2 Rfd8 19. Qb5 Rxc1 20.
Rxc1 Nc6 21. Qxb7 Nxe5 22. dxe5 Qxe5 $11 {1/2 (27) Kuzubov,Y (2558)-Safarli,E 
(2328) Dubai 2005}) 8... exd5 (8... Nxd5 9. Qc2 $14 {[%cal Ye2e4]}) 9. Nf3 cxd4
(9... c4 $5 10. Qc2 Nc6 11. Bg5 h6 12. Bxf6 Qxf6 13. Nd2 Qd6 14. O-O b5 15. e4
Be6 16. exd5 Bxd5 17. Ne4 Qd8 18. f4 {1/2 (18) Yermolinsky,A (2588)-Serper,G 
(2540) Salt Lake City 1999}) 10. Nxd4 Nc6 11. O-O Ne4 $6 {After this move
White successfully opens up the position for his bishops.} (11... h6 $142) 12.
c4 $1 {[%mdl 32]} Re8 13. Bb2 Na5 14. cxd5 Nc4 15. Rb1 Nxb2 16. Rxb2 Qxd5 {
White has no bishop pair anymore but he has a huge development advantage.} 17.
Qd3 Bd7 {After this move White gets a material advantage by means of a small
tactical trick.} ({but preventing it by means of} 17... a6 {is very ugly, and
White has a clear advantage after, say,} 18. Rc1 $16) 18. Rfb1 Rab8 (18... Bc6
19. Nxc6 ({the rook ending after} 19. Rb5 Qd7 20. Nxc6 Qxd3 21. exd3 bxc6 22.
Bxe4 cxb5 23. Bxa8 Rxa8 24. Rxb5 Kf8 {is less clear}) 19... bxc6 20. Qc2 $16 {
[%csl Rc6,Gg2]}) 19. Rb5 $1 Bxb5 20. Rxb5 Nxf2 21. Kxf2 Qd6 $2 {Giving up
another pawn for an unclear reason.} (21... Qd7 $142 $16) 22. Bxb7 Rbd8 23. e3
Re5 24. a4 h5 25. h4 Rde8 26. e4 Qf6+ 27. Kg2 Rxb5 28. axb5 g6 29. Bd5 Re7 30.
Qd2 {White should gradually convert his material advantage. However, a series
of mutual mistakes comes up.} a6 $2 {[%mdl 8192]} 31. bxa6 $2 ({Both players
missed} 31. Nc6 $1 Rd7 32. Nb8 $1 $18) 31... Qxa6 {With pawns on the same side
things are less clear.} 32. Nc6 $6 {An unnecessary manoeuvre.} (32. Qf4 $1 {
[%cal Ye4e5] should be enough for a win.}) 32... Rc7 33. Nd8 Qa4 34. Qh6 $2 (
34. Qd3 $142 {, and then capture on f7 as} Rc2+ {is not dangerous due to} 35.
Kf3) 34... Rc2+ $6 (34... Qc2+ $142 35. Kh3 Qd1 36. Qxg6+ Kf8 {, and White
must give a perpetual.}) 35. Kh3 Qd7+ 36. Ne6 $1 fxe6 37. Qxg6+ Kf8 (37... Kh8
$1 {was the right way although after} 38. Qxh5+ ({but not} 38. Bxe6 $2 Rh2+ 39.
Kxh2 Qd2+ 40. Kh3 Qh2+ 41. Kxh2 {- stalemate!}) ({and not} 38. Qh6+ Qh7) 38...
Kg7 39. Qg4+ Kf6 (39... Kf7 40. h5 $1) 40. e5+ Kxe5 41. Qe4+ Kf6 42. Qxc2 exd5+
43. g4 d4 44. Qd3 {Black should work hard for a draw.}) 38. Bxe6 Qg7 39. Qxh5 {
White has restored his decisive material advantage and now wins without
problems.} Rc3 40. Qg4 Qxg4+ 41. Kxg4 Kg7 42. Kf4 Rc1 43. Kg5 Re1 44. Bf5 1-0